Countries with two Ls - Statistics

General Stats
  • This quiz has been taken 199 times
  • The average score is 3 of 5
Answer Stats
Country % Correct
Marshall Islands
74%
Seychelles
71%
Solomon Islands
67%
El Salvador
58%
Central African Republic
50%
No matching quizzes found
Score Distribution
Percent of People with Each Score
Percentile by Number Answered
Your Score History
You have not taken this quiz